Use the Internet in ELT

Dades bibliogràfiques
Autor principal: Teeler D. Dede
Altres autors: Gray P. Peta
Idioma:anglès
Publicat: Longman, 2000
Col·lecció:How to
Matèries:
Format: Llibre
KOHA link:https://koha.lib.tpu.ru/cgi-bin/koha/opac-detail.pl?biblionumber=22197

MARC

LEADER 00000nam0a2200000 4500
001 22197
005 20231030194550.0
010 |a 0582339316 
035 |a (RuTPU)RU\TPU\book\22409 
035 |a BOOK00022479 
090 |a 22197 
100 |a 20011209d2000 m y0engy50 ba 
101 0 |a eng 
102 |a GB 
105 |a y j 000zy 
200 1 |a Use the Internet in ELT  |f D. Teeler, P. Gray 
210 |c Longman  |d 2000 
215 |a 120 p. 
225 1 |a How to 
610 1 |a английский язык 
610 1 |a учебные пособия 
610 1 |a методика 
610 1 |a интернет-курс 
610 1 |a преподавание 
686 |a Ш143.21-923  |v LBC/SL-A  |2 rubbk 
686 |a Ш143.21-91  |v LBC/SL-A  |2 rubbk 
700 1 |a Teeler  |b D.  |g Dede 
701 1 |a Gray  |b P.  |g Peta 
801 0 |a RU  |b 63413507  |c 20011209  |g PSBO 
801 2 |a RU  |b 63413507  |c 20150603  |g PSBO 
942 |c BK